| 000 | 01190nam0a2200337 4500 | ||
|---|---|---|---|
| 001 | RU\NLR\bibl\235425 | ||
| 005 | 20250619112346.0 | ||
| 010 |
_a9984-670-24-4 _bВ пер. _93000 |
||
| 021 |
_aRU _b2001-51540 _92490 |
||
| 035 | _a(NLR Aleph) 000231351 | ||
| 090 |
_a1346482 _c1346482 |
||
| 100 | _a20020129d2000 |||y0rusy50 ca | ||
| 101 | 0 | _arus | |
| 102 | _aRU | ||
| 105 | _aa ||||||||| | ||
| 200 | 1 |
_aРусский язык _e2 кл. _e[Учеб. для учащихся нач. шк.] _fВ. Я. Домашева |
|
| 210 |
_aРига _cRetorika A _aМ. _cГоризонт-Консалтинг _d2000 |
||
| 215 |
_a216, [1] с. _cил. _d22 |
||
| 606 | 0 |
_aРусский язык _jУчебные издания _91533567 _3RU\NLR\auth\66969347 |
|
| 606 | 0 | _aРусский язык | |
| 675 |
_a373.167.1:811.161.1+811.161.1(075.2) _v3 _zrus |
||
| 686 |
_a14.25 _2rugasnti |
||
| 686 |
_a81.2Рус-922 _2rubbk |
||
| 686 | _aШ141.12-922.1[2] | ||
| 700 | 1 |
_aДомашева _bВ. Я. _gВалентина Язеповна _4070 |
|
| 801 | 0 |
_aRU _bRKP _c20020129 _gPSBO |
|
| 801 | 1 |
_aRU _bRKP _c20020129 |
|
| 801 | 2 |
_aRU _bNLR _c20020328 _grcr |
|
| 942 | _cBOOK | ||
| 980 | _aNB | ||